[Event "FRA-chT1A 1112"]
[Site "France"]
[Date "2012.01.15"]
[Round "7.6"]
[White "Auvray, Simon"]
[Black "Saada, Julien"]
[Result "1/2-1/2"]
[WhiteElo "2009"]
[BlackElo "2341"]
[PlyCount "146"]
[EventDate "2011.10.16"]
[EventType "team-tourn"]
[EventRounds "11"]
[EventCountry "FRA"]
[SourceTitle "EXT 2013"]
[Source "ChessBase"]
[SourceDate "2012.11.22"]
[SourceVersion "1"]
[SourceVersionDate "2012.11.22"]
[SourceQuality "1"]
[WhiteTeam "Agneaux Saint Lo"]
[BlackTeam "Migne Auxences"]
[WhiteTeamCountry "FRA"]
[BlackTeamCountry "FRA"]

1. e4 c6 2. d4 d5 3. Nc3 dxe4 4. Nxe4 Bf5 5. Ng3 Bg6 6. h4 h6 7. N1e2 e6 8. Nf4 Bh7 9. Bc4 Nf6 10. Qe2 Bd6 11. Bxe6 0-0 12. 0-0 Bxf4 13. Bxf4 fxe6 14. Qxe6+ Kh8 15. c3 Qd5 16. Qe7 Qf7 17. Qxf7 Rxf7 18. Rfe1 Nbd7 19. Re2 Re8 20. Rae1 Rxe2 21. Rxe2 Bd3 22. Re3 Bb1 23. a3 Nd5 24. Re8+ Rf8 25. Rxf8+ Nxf8 26. Bd6 Nd7 27. Nf1 N7b6 28. Nd2 Bd3 29. Bc5 Nc8 30. a4 a5 31. g3 Bc2 32. c4 Nc7 33. Ba3 Nb6 34. b3 Kg8 35. f3 Nd7 36. Kf2 Kf7 37. Ke3 Ke6 38. Bb2 g6 39. Ba3 Ne8 40. Bb2 h5 41. Kf4 Nd6 42. g4 Nf7 43. Ba3 Bd1 44. Bb2 b6 45. Bc3 c5 46. d5+ Ke7 47. Bb2 Nf8 48. Bc3 Nh7 49. Bb2 hxg4 50. fxg4 Nh6 51. Be5 Kd7 52. Bb8 Bxg4 53. Ne4 Kc8 54. Bd6 Bf5 55. Bxc5 bxc5 56. Nxc5 Nf7 57. h5 Bc2 58. hxg6 Bxg6 59. Ne6 Nf6 60. Nd4 Kc7 61. Nc6 Kb6 62. Ke3 Nd7 63. Kd4 Bc2 64. Kc3 Bd1 65. b4 axb4+ 66. Kxb4 Be2 67. Nd4 Bf1 68. c5+ Ka6 69. Ne6 Bg2 70. Nf4 Bf3 71. Kc4 Nxc5 72. Kxc5 Ka5 73. d6 Nxd6 1/2-1/2

[Event "FRA-chT1A 1112"]
[Site "France"]
[Date "2012.01.14"]
[Round "6.7"]
[White "Auvray, Simon"]
[Black "Ternault, Mathieu"]
[Result "1-0"]
[WhiteElo "2009"]
[BlackElo "2109"]
[PlyCount "57"]
[EventDate "2011.10.16"]
[EventType "team-tourn"]
[EventRounds "11"]
[EventCountry "FRA"]
[SourceTitle "EXT 2013"]
[Source "ChessBase"]
[SourceDate "2012.11.22"]
[SourceVersion "1"]
[SourceVersionDate "2012.11.22"]
[SourceQuality "1"]
[WhiteTeam "Agneaux Saint Lo"]
[BlackTeam "Bordeaux"]
[WhiteTeamCountry "FRA"]
[BlackTeamCountry "FRA"]

1. e4 e6 2. d4 d5 3. Nd2 Nf6 4. e5 Nfd7 5. Bd3 c5 6. c3 Nc6 7. Ne2 cxd4 8. cxd4 f6 9. exf6 Nxf6 10. Nf3 Qc7 11. 0-0 Bd6 12. Bg5 0-0 13. Bh4 Ng4 14. Bg3 e5 15. dxe5 Ngxe5 16. Nxe5 Nxe5 17. Nc3 Qf7 18. Qc2 g6 19. Rae1 Re8 20. Nxd5 Bd7 21. Bxe5 Rxe5 22. Rxe5 Bxe5 23. Bc4 Be6 24. Qe4 Bg7 25. Re1 Bf5 26. Ne7+ Kf8 27. Qxb7 Qxc4 28. Qxa8+ Kf7 29. Qg8+ 1-0

[Event "Rohde op 10th"]
[Site "Sautron"]
[Date "2010.10.23"]
[Round "1"]
[White "Auvray, Simon"]
[Black "Migot, Tangi"]
[Result "0-1"]
[WhiteElo "2019"]
[BlackElo "2246"]
[PlyCount "64"]
[EventDate "2010.10.23"]
[EventType "swiss"]
[EventRounds "9"]
[EventCountry "FRA"]
[SourceTitle "EXT 2012"]
[Source "ChessBase"]
[SourceDate "2011.11.24"]
[SourceVersion "1"]
[SourceVersionDate "2011.11.24"]
[SourceQuality "1"]

1. e4 c5 2. Nf3 d6 3. c3 Nf6 4. Be2 Nbd7 5. d3 b6 6. 0-0 Bb7 7. Nfd2 g6 8. f3 Bg7 9. d4 0-0 10. Na3 a6 11. b3 cxd4 12. cxd4 b5 13. Bb2 e5 14. Nc2 Qb6 15. Kh1 Nh5 16. Re1 exd4 17. Rb1 Nf4 18. Nf1 d5 19. exd5 Nxd5 20. Bxd4 Bxd4 21. Qxd4 Rac8 22. Rbc1 Rfe8 23. Ng3 Qa5 24. Bd3 Rxe1+ 25. Rxe1 N7f6 26. Ra1 Qd2 27. Nf1 Qg5 28. Na3 Nf4 29. Qb6 Bxf3 30. gxf3 Nxd3 31. Ng3 Qe5 32. Rf1 Re8 0-1

[Event "Rennes op 3th"]
[Site "Rennes"]
[Date "2010.07.23"]
[Round "9"]
[White "Auvray, Simon"]
[Black "Bratanov, Zsivko"]
[Result "0-1"]
[WhiteElo "2048"]
[BlackElo "2480"]
[PlyCount "86"]
[EventDate "2010.07.17"]
[EventType "swiss"]
[EventRounds "9"]
[EventCountry "FRA"]
[SourceTitle "EXT 2011"]
[Source "ChessBase"]
[SourceDate "2010.11.26"]
[SourceVersion "1"]
[SourceVersionDate "2010.11.26"]
[SourceQuality "1"]

1. e4 g6 2. d4 Bg7 3. Nc3 d6 4. f4 Nf6 5. Nf3 0-0 6. e5 dxe5 7. fxe5 Nd5 8. Bc4 Be6 9. Nxd5 Bxd5 10. Bxd5 Qxd5 11. Qe2 b5 12. c3 a6 13. b3 Nc6 14. c4 bxc4 15. bxc4 Qa5+ 16. Bd2 Qa3 17. Qe3 Qxe3+ 18. Bxe3 Na5 19. Rc1 Rab8 20. Bd2 Nc6 21. Bc3 Nb4 22. Bxb4 Rxb4 23. Rf1 Rfb8 24. Rf2 Bh6 25. a3 Rb3 26. Ra1 Rc3 27. Raa2 Rc1+ 28. Ke2 Rb3 29. Rf1 Rxc4 30. Rd1 Rcc3 31. a4 a5 32. Ne1 c5 33. Nf3 cxd4 34. Rxd4 Re3+ 35. Kd1 Rb1+ 36. Kc2 Rf1 37. Rb2 Kg7 38. Rd7 Ra3 39. Rbb7 Rf2+ 40. Kb1 Rxg2 41. Nd4 Bg5 42. e6 Rxa4 43. exf7 Bf6 0-1

[Event "Rohde op 09th"]
[Site "Sautron"]
[Date "2009.10.27"]
[Round "5"]
[White "Philippe, Christophe"]
[Black "Auvray, Simon"]
[Result "1-0"]
[WhiteElo "2430"]
[BlackElo "2013"]
[PlyCount "43"]
[EventDate "2009.10.24"]
[EventType "swiss"]
[EventRounds "9"]
[EventCountry "FRA"]
[SourceTitle "EXT 2010"]
[Source "ChessBase"]
[SourceDate "2010.11.25"]
[SourceVersion "1"]
[SourceVersionDate "2010.11.25"]
[SourceQuality "1"]

1. e4 c5 2. Nf3 e6 3. d4 cxd4 4. Nxd4 Nc6 5. Nc3 a6 6. Nxc6 bxc6 7. Bd3 d5 8. 0-0 e5 9. exd5 cxd5 10. Re1 Be6 11. Rxe5 Bd6 12. Re1 Ne7 13. Qh5 g6 14. Qh6 Ng8 15. Qg7 Qf6 16. Qxf6 Nxf6 17. Bg5 Be7 18. Bxf6 Bxf6 19. Nxd5 Bxb2 20. Rab1 Rb8 21. Nc7+ Kd7 22. Nxa6 1-0

[Event "FRA-chT2 West 0809"]
[Site "France"]
[Date "2009.01.18"]
[Round "6.7"]
[White "Auvray, Simon"]
[Black "Pilotelle, Barbara"]
[Result "1-0"]
[WhiteElo "1944"]
[BlackElo "2011"]
[PlyCount "41"]
[EventDate "2008.10.19"]
[EventType "team-tourn"]
[EventRounds "11"]
[EventCountry "FRA"]
[SourceTitle "EXT 2010"]
[Source "ChessBase"]
[SourceDate "2010.11.25"]
[SourceVersion "1"]
[SourceVersionDate "2010.11.25"]
[SourceQuality "1"]
[WhiteTeam "Agneaux Saint Lo"]
[BlackTeam "Stade Francais Jeen"]
[WhiteTeamCountry "FRA"]
[BlackTeamCountry "FRA"]

1. e4 e5 2. Nf3 Nc6 3. Bb5 a6 4. Bxc6 dxc6 5. 0-0 Bd6 6. d4 Bg4 7. dxe5 Bxf3 8. Qxf3 Bxe5 9. Rd1 Qe7 10. Qb3 Nf6 11. Kf1 Bxh2 12. Bg5 0-0 13. Bxf6 Qxf6 14. g3 Rae8 15. Nd2 Re5 16. Kg2 Bxg3 17. fxg3 Rb5 18. Qc3 Rxb2 19. e5 Rxc2 20. Qxc2 Qxe5 21. Nf3 1-0

[Event "FRA-ch op-A"]
[Site "Pau"]
[Date "2008.08.19"]
[Round "7"]
[White "Auvray, Simon"]
[Black "Zaninetti, Laurent"]
[Result "0-1"]
[WhiteElo "1920"]
[BlackElo "2013"]
[PlyCount "72"]
[EventDate "2008.08.11"]
[EventType "swiss"]
[EventRounds "9"]
[EventCountry "FRA"]
[SourceTitle "CBM 126 Extra"]
[Source "ChessBase"]
[SourceDate "2008.11.05"]
[SourceVersion "1"]
[SourceVersionDate "2008.11.05"]
[SourceQuality "1"]

1. e4 g6 2. d4 d6 3. Nc3 c6 4. f4 d5 5. e5 h5 6. Nf3 Bg4 7. Bd3 Nh6 8. h3 Bxf3 9. Qxf3 Nf5 10. Be3 e6 11. 0-0-0 h4 12. g4 hxg3 13. Bxf5 gxf5 14. Rdg1 Qa5 15. Rxg3 Nd7 16. Rhg1 0-0-0 17. Kb1 Nb6 18. a3 Bxa3 19. bxa3 Qxc3 20. Bf2 Qa5 21. Be1 Qa4 22. Rg7 Qxd4 23. Bf2 Nc4 24. Bxd4 Nd2+ 25. Kb2 Nxf3 26. Rd1 Nxd4 27. Rxd4 Rdf8 28. Rd3 Rh4 29. Rdg3 Kd7 30. Rg8 Ke7 31. Rxf8 Kxf8 32. Rb3 b6 33. Rc3 c5 34. Rf3 Ke7 35. Kc3 f6 36. exf6+ Kxf6 0-1

[Event "FRA-ch op-A"]
[Site "Pau"]
[Date "2008.08.16"]
[Round "5"]
[White "Auvray, Simon"]
[Black "Carre, Sylvain"]
[Result "0-1"]
[WhiteElo "1920"]
[BlackElo "2044"]
[PlyCount "52"]
[EventDate "2008.08.11"]
[EventType "swiss"]
[EventRounds "9"]
[EventCountry "FRA"]
[SourceTitle "CBM 126 Extra"]
[Source "ChessBase"]
[SourceDate "2008.11.05"]
[SourceVersion "1"]
[SourceVersionDate "2008.11.05"]
[SourceQuality "1"]

1. e4 e5 2. Nf3 Nf6 3. Nxe5 d6 4. Nf3 Nxe4 5. d4 d5 6. Bd3 Bd6 7. 0-0 0-0 8. c4 c6 9. Nc3 Nxc3 10. bxc3 Bg4 11. h3 Bh5 12. Be3 Nd7 13. Rb1 b6 14. Be2 dxc4 15. Bxc4 b5 16. Be2 Nb6 17. Qd2 Re8 18. Rfe1 Bc7 19. Bf4 Bxf4 20. Qxf4 Nd5 21. Qd2 Qd6 22. Ne5 Bxe2 23. Rxe2 f6 24. c4 fxe5 25. dxe5 Qg6 26. Rd1 bxc4 0-1

[Event "FRA-ch op-A"]
[Site "Pau"]
[Date "2008.08.13"]
[Round "2"]
[White "Busson, Benoist"]
[Black "Auvray, Simon"]
[Result "1/2-1/2"]
[WhiteElo "2028"]
[BlackElo "1920"]
[PlyCount "63"]
[EventDate "2008.08.11"]
[EventType "swiss"]
[EventRounds "9"]
[EventCountry "FRA"]
[SourceTitle "CBM 126 Extra"]
[Source "ChessBase"]
[SourceDate "2008.11.05"]
[SourceVersion "1"]
[SourceVersionDate "2008.11.05"]
[SourceQuality "1"]

1. f4 g6 2. Nf3 Bg7 3. d3 Nc6 4. c3 d6 5. g3 e5 6. Bg2 Bg4 7. 0-0 Qd7 8. e4 Nge7 9. Na3 0-0-0 10. Qa4 Kb8 11. Be3 exf4 12. Bxf4 Nc8 13. Nc4 h5 14. Ne3 Bh3 15. Nd5 f6 16. Be3 g5 17. Bxh3 Qxh3 18. Qc2 h4 19. Qg2 Qe6 20. Nd4 Nxd4 21. Bxd4 Rh6 22. Ne3 hxg3 23. hxg3 Rdh8 24. Nf5 Rh1+ 25. Qxh1 Rxh1+ 26. Kxh1 Ne7 27. Kg2 Nxf5 28. Rxf5 c5 29. Bf2 c4 30. Kf3 cxd3 31. Ke3 Qc4 32. g4 1/2-1/2

[Event "FRA-chT U20a 0405"]
[Site "France"]
[Date "2005.05.15"]
[Round "8.3"]
[White "Chretien, Antonin"]
[Black "Auvray, Simon"]
[Result "1-0"]
[WhiteElo "1740"]
[BlackElo "1690"]
[PlyCount "91"]
[EventDate "2004.11.19"]
[EventType "team"]
[EventRounds "11"]
[EventCountry "FRA"]
[SourceTitle "EXT 2006"]
[Source "ChessBase"]
[SourceDate "2005.11.24"]
[SourceVersion "1"]
[SourceVersionDate "2005.11.24"]
[SourceQuality "1"]

1. d4 Nf6 2. Nf3 g6 3. c4 Bg7 4. Nc3 0-0 5. e4 d6 6. Be2 e5 7. 0-0 Nc6 8. dxe5 Nxe5 9. Nd4 Be6 10. b3 Qd7 11. f3 Nc6 12. Be3 Nxd4 13. Bxd4 Nh5 14. Bxg7 Nxg7 15. Qc2 f5 16. Rad1 Qf7 17. Nd5 Ne8 18. Bd3 Rd8 19. exf5 gxf5 20. Nf4 Ng7 21. Rfe1 Rfe8 22. Kh1 Kh8 23. Qc3 c6 24. Nh3 h6 25. Nf4 d5 26. Bc2 Kg8 27. cxd5 Bxd5 28. Bd3 Rxe1+ 29. Rxe1 Re8 30. Rxe8+ Nxe8 31. Nxd5 cxd5 32. Qc8 Qe7 33. h3 Qe1+ 34. Kh2 Qe5+ 35. g3 Qe3 36. Qxf5 Qf2+ 37. Kh1 Qe1+ 38. Kg2 Qd2+ 39. Kf1 Qd1+ 40. Kf2 Qd2+ 41. Be2 Qxa2 42. Qxd5+ Kf8 43. Qxb7 Qc2 44. Qxa7 Qxb3 45. Qc5+ Kg7 46. Qe7+ 1-0